000 00481nam a2200169Ia 4500
999 _c28858
_d28858
003 OSt
005 20210111112829.0
008 190216s9999||||xx |||||||||||||| ||und||
040 _coclc
082 _a894.8122
_bMAS/E
100 _aMaster, Madhu
_98144
245 0 _aEakamka Kalam /
_cMadhu Master
260 _bLipi Publication,
_aKozhikode:
_c2003.
300 _a54p
650 _aMalayalam Nadakam
942 _cBK
_2ddc
_h894.8122
_iMAS/E
_k894.8122
_mMAS/E